000 00601nam a22001937a 4500
005 20150717111435.0
010 _aENG-113098
020 _a9789380752556
_c795.00
035 _aEN-96630
037 _bDBAD/PUB
082 _a341.48
100 _aNilesh, K. Singh
245 _aNGO developments and human rights /
_cby Nilesh K. Singh
260 _bKunal Books
_c2011
_aNew Delhi
270 _b New Delhi
_e110002
_a4648/1A, First Floor, 11, Daryaganj,
300 _avi,263p.
_c22cm(Hb)
500 _aIncludes bibliographical references and index
942 _2ddc
_cEN
_mNIL
_h341.48
999 _c93647
_d93647